LEADER 01397nam a2200289 i 4500 001 000000099254 003 CaOOAMICUS 005 20171024000000.0 008 171024s2016 xx u000 u fre u 013 $a71406 020 $a978-2-88926-142-0 040 $aSeMil$bita 100 1 $aDeshusses-Raemy, Anne.$0(OLS)http://semarc/name/92594 245 10$aParole à goûter :$bitinéraire catéchétique pour adultes : la Samaritaine (Jean 4, 1-42) /$cAnne Deshusses-Raemy et François-Xavier Amherdt. 260 $aSaint-Maurice :$bSaint-Augustin,$c2016. 300 $a267 p. ;$c21 cm. 490 0 $aPerspectives pastorales ;$v1 650 4$aBibbia - NT - Giovanni - Samaritana.$0(OLS)http://semarc/subject/9897 650 4$aCatechesi [per] adulti.$0(OLS)http://semarc/subject/3455 700 1 $aAmherdt, François-Xavier,$d<1957- >.$0(OLS)http://semarc/name/44829 830 0$aPerspectives pastorales ;$v1.$0(OLS)http://semarc/title/400733 850 $aSeMil 852 $aSeMil$W1$xVenegono$y1$m2C VII 30$j56826$B56826$CSeMilBibl$Z2$F66765 $81 961 $aOmaggio: Bressan don Luca 996 $6020$a978-2-88926-142-0$9(OLS)http://semarc/number/272337 996 $6245$aParole à goûter :$bitinéraire catéchétique pour adultes : la Samaritaine (Jean 4, 1-42)$9(OLS)http://semarc/title/406455 996 $6260$aSaint-Maurice :$bSaint-Augustin$9(OLS)http://semarc/publisher/55708 LEADER 01672nam a2200265 4500 001 000000341190 003 CaOOAMICUS 005 20200721144116.0 008 200721s1765 gw 000 u lat r 026 $arina e-i- a.el Site (3) 1765 (R) 040 $aSeMil$bita 100 11$aRega, Hendrik Joseph.$0(OLS)http://semarc/name/111783 245 00$aAccurata medendi methodus quantum fieri potest ab omni hypothesi abstracta, duobus medicinae fundamentis certae experientiae et rationibus inde deductis superstructa. In tres partes divisa pathologiam universalem, particularem, & therapeiam, per aphorismos proposita ab Henrico Josepho Rega ... 264 1$aColoniae Agrippinae :$bApud Francisco Wilhelmus Josephum Metternich,$c1765. 300 $a[16], 436 p. ;$c4° 500 $aVignetta calcogr. sul front. 500 $aSegn.: )(?, ?)(? A-3H? 3I² 650 4$aMedicina - Manuali - Opere anteriori al 1900.$0(OLS)http://semarc/subject/39867 700 1 $aMetternich, Franz Wilhelm,$c.$0(OLS)http://semarc/name/94312 752 $aGW$dColonia 850 $aSeMil 852 $aSeMil$W1$xVenegono$y1$m3XD IV 5 FA$j219954$B232180$CSeMilBibl$Z2$F232180 $8I 996 $6245$aAccurata medendi methodus quantum fieri potest ab omni hypothesi abstracta, duobus medicinae fundamentis certae experientiae et rationibus inde deductis superstructa. In tres partes divisa pathologiam universalem, particularem, & therapeiam, per aphorismos proposita ab Henrico Josepho Rega ...$9(OLS)http://semarc/title/430241 996 $6264$aColoniae Agrippinae :$bApud Francisco Wilhelmus Josephum Metternich$9(OLS)http://semarc/publisher/59145